000 01577nam a2200325 a 4500
001 BRCA_3020
005 20190320204055.0
008 200109s1741----fr-a---###---#000-0#fre-u
041 _afre
044 _afr
084 _a336
_b.D477
_c1741
100 1 _aCervantes Saavedra, Miguel de
_d1547-1616
_9213
245 1 0 _aHistoire de L´Admirable Don Quichotte de la Manche
_cTraduit de L´Espagnol de M. de Cervantes par Filleau de Saint-Martin.
260 _aParís
_bDespilly
_c1741
300 _a6 v.
_bil.
_c18 cm.
500 _aContenido : v 1. Primera parte. Advertencia del traductor. Texto. v 2. Texto. -- v 3. Segunda parte. Texto. -- v 4. Segunda parte. Texto. -- v 5. Primera parte de la continuación escrita por el traductor. Texto. -- v 6. Segunda parte de la continuación escrita por el traductor
500 _aEdición : Nouvelle Edition, Revueé, Corrigée et Augmentée
500 _aLa misma traducción de Filleau de Saint-Martin, publicada por otro editor, Despilly. Piel; lomeras decoradas con dorados Lúdovik Osterc
500 _aCon ex-libris de : Dubosc de Vitermont
500 _aQM263A
546 _aTexto en : francés
650 1 4 _aNovela española
_yÉpoca clásica, 1500-1700
_9215
650 1 4 _aLiteratura española
_yÉpoca clásica, 1500-1700
_9216
650 1 4 _aNovela española
_ySiglo XVII
_9217
650 1 4 _aDon Quijote (Personaje ficticio)
_eNovela
_9218
700 1 _aSaint-Martin, Francois Filleau de
_d1632-1695
_eTraductor
_98314
740 0 _aEl Ingenioso Hidalgo Don Quijote de la Mancha
902 _aQFM
942 _2lcc
_cB
999 _c2757
_d2757